|
|
|
|
| LEADER |
01245pam a2200337Ia 4500 |
| 001 |
9780203017326 |
| 003 |
FlBoTFG |
| 005 |
20091230162923.0 |
| 006 |
a|||||s||||||||||| |
| 007 |
cr|||| |
| 008 |
901023s1991 nyua sb 001 0 eng d |
| 020 |
|
|
|a 9780203017326 (e-book : PDF)
|
| 040 |
|
|
|a FlBoTFG
|c FlBoTFG
|d GrThAP
|
| 090 |
|
|
|a HV8073
|b .U83 1991
|
| 092 |
|
|
|a 363.25015195
|b U844
|
| 245 |
0 |
4 |
|a The use of statistics in forensic science
|h [electronic resource] /
|c [edited by] C.G.G. Aitken, D.A. Stoney.
|
| 260 |
|
|
|a New York :
|b E. Horwood,
|c 1991.
|
| 300 |
|
|
|a 242 p. :
|b ill.
|
| 490 |
1 |
|
|a Ellis Horwood series in forensic science
|
| 504 |
|
|
|a Includes bibliographical references and index.
|
| 530 |
|
|
|a Also available in print edition.
|b CRC Press (http://www.crcpress.com)
|
| 538 |
|
|
|a Mode of access: World Wide Web.
|
| 650 |
|
0 |
|a Forensic sciences
|x Statistical methods.
|
| 650 |
|
0 |
|a Forensic statistics.
|
| 650 |
|
0 |
|a Evidence (Law)
|x Statistical methods.
|
| 655 |
|
7 |
|a Electronic books.
|2 lcsh
|
| 700 |
1 |
|
|a Aitken, C. G. G.
|
| 700 |
1 |
|
|a Stoney, David Alan.
|
| 776 |
1 |
|
|z 9780139337482
|
| 830 |
|
0 |
|a Ellis Horwood series in forensic science.
|
| 856 |
4 |
0 |
|u http://www.tandfebooks.com/isbn/9780203017326
|z Full Text via HEAL-Link
|